[Event "FRA-ch"]
[Site "Val d'Isere"]
[Date "2002.08.27"]
[Round "8"]
[White "Bacrot, Etienne"]
[Black "Bricard, Emmanuel"]
[Result "1-0"]
[WhiteElo "2653"]
[BlackElo "2454"]
[Annotator "Ribli,Z"]
[PlyCount "79"]
[EventDate "2002.08.19"]
[EventType "tourn"]
[EventRounds "11"]
[EventCountry "FRA"]
[EventCategory "13"]
[SourceTitle "CBM 091"]
[Source "ChessBase"]
[SourceDate "2002.11.12"]
[SourceVersion "1"]
[SourceVersionDate "2002.11.12"]
[SourceQuality "1"]

1. d4 d6 2. Nf3 g6 3. c4 Bg7 4. Nc3 c5 5. d5 (5. dxc5 Bxc3+ 6. bxc3 dxc5 7.
Qxd8+ Kxd8 8. Ne5 Be6 9. g3 Nd7 10. Nxd7 Kxd7 11. Bg2 Nf6 $5 (11... Bxc4 12.
Rb1 Ba6 13. Be3 Rc8 14. Bxb7 Bxb7 15. Rxb7+ Rc7 16. Rb8 Rc8 17. Rxc8 Kxc8 18.
Bxc5 Nf6 19. Bxe7 Nd5 20. Bc5 {1-0 Ulibin,M-Belkhodja,S/Dubai UAE 2002/(29)})
12. Rb1 $6 (12. Bxb7 $5 Rab8 13. Ba6 Ne4 $44) 12... b6 $1 13. Bxa8 Rxa8 $44 {
0-1 Bacrot,E-Topalov,V/Sarajevo 2000/CBM 77/[Ribli] (33)}) 5... Bxc3+ {Schwarz
gibt das Läuferpaar auf und verschlechtert die weiße Bauernstruktur.} 6. bxc3
f5 {Dieser Zug ist gegen e2-e4 gerichtet.} 7. Qa4+ {Mit diesem Damenschach
stört Weiß die normale schwarze Entwicklung. Nach 7...Nd7? kommt 8.Ng5.} (7. h4
Nf6 8. Ng5 Qa5 9. Bd2 Nbd7 10. e3 Ne5 11. h5 Rg8 12. hxg6 hxg6 13. Qb3 Rb8 14.
f3 Bd7 15. f4 Nf7 16. Nf3 Kd8 17. Bd3 Kc7 {0-1 Burmakin,V-Solak,D/Nova Gorica
SLO 2002/ (34)}) (7. g3 Qa5 8. Qb3 Nf6 9. Bg2 Nbd7 10. Bh6 (10. O-O Nb6 11. Nd2
(11. Bh6 Ne4 12. Nd2 Nxd2 13. Bxd2 Qa4 14. Rfe1 Qxc4 15. e4 $44) 11... Bd7 12.
e4 O-O-O 13. Re1 Rhe8 14. exf5 gxf5 15. Qc2 Qa4 16. Qd3 Kc7 17. Rb1 e6 {
0-1 Krainski,A-Markowski,T/Glogow 2001/EXT 2002 (46)}) 10... Rg8 11. O-O Nb6
12. a4 Bd7 13. Nd2 Ng4 14. Bg5 Ne5 15. Bf4 Nf7 16. e4 O-O-O 17. exf5 g5 18. Be3
Bxf5 19. Qb5 Qxb5 20. cxb5 {1-0 Ivanov,S-Markowski,T/Glogow 2001/EXT 2002 (28)}
) (7. h3 Qa5 8. Qc2 Nf6 9. Bh6 Nbd7 10. e3 Nb6 11. Bd3 $14) 7... Kf8 (7... Bd7
8. Qb3 Qa5 {1/2-1/2 Borik,O-Pekarek,A/CZE 1993/TD (8)}) 8. h4 {[%cal Gh4h5]} h6
{Schwarz vermeidet das Motiv Bh6+ und bereitet die Entwicklung des Springers
auf f6 vor.} (8... Nf6 9. Bh6+ Kg8 10. e3 $14) 9. Bf4 Nf6 {[%cal Gf6e4,Gf6g4]}
10. e3 Nbd7 11. Bd3 Qc7 $13 {Weiß hat das Läuferpaar und Raumvorteil, aber
Schwarz hat eine feste Stellung, weil die weißen Bauern auf der c-Linie
potenziell schwach sind.} 12. Qc2 b5 $5 {[%cal Gd7b6,Gb6d5] Schwarz opfert
einen Bauern und öffnet die Stellung, bekommt aber den d5-Bauern. Anderseits
bin ich nicht ganz sicher, ob diese Spielweise wirklich die beste Möglichkeit
für Schwarz ist.} (12... Kg7) 13. cxb5 c4 (13... Nxd5 14. h5 g5 (14... Nxf4 15.
exf4 $16) 15. Bh2 {[%cal Gc2f5]} e6 16. e4 $16) 14. Be2 Nb6 (14... Nxd5 $5 15.
h5 (15. Bh2 $13) 15... g5 16. Bh2 N7f6 17. Nd2 $13) 15. Nd2 Nbxd5 (15... a6 $13
) 16. Bh2 e5 (16... a6 17. bxa6 Bxa6 18. h5 $16) 17. Bxc4 Bb7 {Schwarz hat
einen Bauern weniger, aber seine Bauernmasse steht stark im Zentrum.} 18. O-O
Kg7 {[%cal Ga8c8,Gc8c2]} 19. Bxd5 (19. a4 $5 $14) 19... Bxd5 {[%csl Gd5][%cal
Gd5h1] Nun hat Schwarz außerdem einen starken Läufer auf der großen Diagonale,
demgegenüber steht der weiße Läufer viel schlechter.} 20. c4 Rac8 21. Rfc1 Nd7
22. a4 (22. h5 $5 Be6 23. hxg6 Kxg6 $14) 22... Be6 23. a5 $14 {[%csl Ga5,Gb5,
Gc4]} (23. h5 g5) 23... g5 24. h5 (24. hxg5 hxg5 $132 {[%csl Gh8][%cal Gh8h2]})
24... Nc5 25. Rcb1 {[%cal Gb5b6]} Rb8 26. Qb2 {[%cal Gb5b6,Gb2g7]} Kh7 27. b6
Qf7 (27... axb6 28. axb6 Qf7 29. Ra7 Rb7 30. Rba1 $14) 28. Qc2 Rhc8 $44 {
[%cal Gc8c2] Schwarz hat aktives Gegenspiel am Damenflügel.} (28... axb6 29.
axb6 Rb7 $14 (29... Qxh5 30. Ra7+ Kg6 (30... Rb7 31. Ne4 $1 $18 {[%cal Ga7h7,
Gc2h7]}) 31. Nf3 $16)) 29. Nf3 (29. bxa7 Qxa7 30. Rxb8 Rxb8 $44) 29... axb6 (
29... Bxc4 $5 30. bxa7 Rxb1+ 31. Rxb1 (31. Qxb1 Nb3 32. Ra2 Bd5 {[%cal Rc8c1,
Rc1g1,Rc1b1]} 33. Rc2 Ra8 $13) 31... Bd3 32. Qd1 Bxb1 (32... Qxa7 33. Rb6 Rd8
$13) 33. Qxb1 Ne4 $19 (33... Qxa7 34. Qxf5+ $18 {[%cal Rf5h7,Rf5c8]})) 30. Rxb6
(30. axb6 Bxc4 31. Ra7 Rb7) 30... Rxb6 31. axb6 Rb8 (31... Bxc4 $2 32. Ra7 Nb7
33. Bxe5 dxe5 (33... Be6 34. Bc3 $18) 34. Nxe5 $18) 32. Ra7 Rb7 33. g4 {
[%cal Gc2h7] Ein überraschender Zug - Weiß möchte am Königsflügel aktiv
spielen. Dieser Zug führt zu Komplikationen, aber die schwarze Stellung ist
voll verteidigungsfähig.} (33. Rxb7 Qxb7 34. Qb1 Nd7 $11) 33... Rxa7 34. bxa7
Qxa7 35. gxf5 Bf7 36. Qd1 (36. f6+ Kg8) 36... Bxc4 (36... Bxh5 $2 37. Nxg5+ $18
) 37. Bxe5 $5 $13 {[%mdl 512] Weiß opfert die Figur und befreit sich von
seinem schlechtem Läufer.} dxe5 38. Nxe5 {[%csl Gd1,Ge5,Rh7]} Bf7 (38... Be2
39. Qd6 Bxh5 40. f3 $13) 39. Qd4 {[%cal Gd4a7]} Nb3 $4 {[%mdl 8192] Ein
unglaublicher Fehler!} (39... Bxh5 40. Nd3 Qd7 41. Nxc5 Qxf5 $11) 40. Qxa7 $18
1-0

[Event "Smartchess.com 2nd"]
[Site "New York"]
[Date "2001.10.14"]
[Round "8"]
[White "Novikov, Igor A"]
[Black "Blatny, Pavel"]
[Result "1-0"]
[WhiteElo "2593"]
[BlackElo "2478"]
[Annotator "Ribli,Z"]
[PlyCount "79"]
[EventDate "2001.10.07"]
[EventType "tourn"]
[EventRounds "9"]
[EventCountry "USA"]
[EventCategory "10"]
[SourceTitle "CBM 086"]
[Source "ChessBase"]
[SourceDate "2002.02.05"]
[SourceVersion "1"]
[SourceVersionDate "2002.02.05"]
[SourceQuality "1"]

1. d4 e6 2. c4 b6 {Diese Variante war in den 70er Jahren bei den englischen
GMs populär.} 3. Nf3 (3. a3 {Das wäre die Hauptfortsetzung für Weiß.}) 3... Bb7
4. a3 {Weiß möchte 5.Nc3 nebst 6. d5 spielen - mit Übergewicht im Zentrum.} f5
(4... Nf6 {Durch Zugumstellung gelangt man so in die die Grundstellung a3 -
Variante der Damenindischen Verteidigung.}) 5. Nc3 Nf6 6. d5 {Nun ist der Bb7
ist abgeschlossen, und Weiß hat bequemes Spiel.} Be7 (6... g6 7. g3 Bg7 8. Bg2
O-O 9. O-O Na6 10. Rb1 $14) 7. g3 (7. b4 $6 a5 $1 8. b5 Ne4 9. Na4 Bf6 10. Rb1
Qe7 11. Qc2 d6 12. e3 Nd7 13. dxe6 Ndc5 {0-1 Krasenkow,M-Bischoff,K/Brno 1994/
CBM 43/[Ftacnik] (20)}) 7... Ne4 8. Bd2 {Dieser Zug scheint mir logischer als
der Tausch des Ne4.} (8. Nxe4 fxe4 9. Ne5 O-O (9... Bf6 10. Ng4 exd5 11. cxd5
Na6 12. Bg2 Nc5 13. Rb1 a5 14. Be3 {1/2-1/2 Van Wely,L-Romero Holmes,A/Wijk
aan Zee 1995/CBM 46 (45)}) 10. Bg2 Bc5 11. O-O exd5 12. cxd5 Qe8 13. Nc4 a5 14.
b3 b5 15. Be3 Be7 16. d6 Bf6 17. dxc7 bxc4 18. cxb8=Q Rxb8 19. Rc1 c3 20. Bd4
Rc8 {0-1 Wells,P-Kengis,E/Dresden 1996/CBM 53 ext (39)}) 8... Bf6 {Wir haben
eine ähnlcihe Stellung erreicht, wie in der Variante mit 4.g3 Bb7 der
Damenindischen Verteidigung (1. d4 Nf6 2. c4 e6 3. Nf3 b6 4. g3 Bb7).} (8...
Bc5 9. e3 a5 10. Bg2 O-O 11. O-O Na6 12. Ne5 Bd6 13. Nd3 Nxd2 14. Qxd2 e5 15.
Nb5 Qe7 16. e4 f4 17. b4 axb4 18. Nxd6 Qxd6 19. axb4 f3 20. Bh1 c6 {0-1
Adorjan,A-Miles,A/Biel 1983/MCL (56)}) 9. Rc1 (9. Qc2 Nxc3 10. Bxc3 exd5 11.
cxd5 Bxd5 12. Qxf5 Bxc3+ 13. bxc3 Qf6 14. Qxf6 gxf6 15. Bg2 Na6 16. Nh4 Bxg2
17. Nxg2 Nc5 {1/2-1/2 Ionescu,C-Speelman,J/Yerevan 1996/EXT 97 (41)}) 9... a5
$6 {Dieser Zug gefällt mir nicht. Es ist klar, dass Schwarz Na6 spielen und
sich gegen b2 - b4 verteidigen möchte, aber dieser ganze Plan scheint mir zu
langsam. Schwarz sollte besser sofort mit 9...c6 aktives Spiel im Zentrum
suchen.} (9... c6 $5 10. dxe6 dxe6 11. Bg2 c5 12. O-O O-O (12... Nxd2 13. Qxd2
Qxd2 14. Nxd2 Bxg2 15. Kxg2 Nc6 16. Nf3 O-O-O 17. h4 Na5 18. b4 Nb3 19. Rc2 Nd4
20. Nxd4 cxd4 21. Na2 d3 {1/2-1/2 Gutman,G-Bokros,A/Pardubice CZE 2001/(48)})
13. Qc2 Nxd2 14. Nxd2 Bxg2 15. Kxg2 Nc6 16. Rcd1 (16. Nf3 Qe7 17. Rfd1 g5 18.
e3 g4 19. Ne1 Ne5 20. Ne2 Nf7 21. Nf4 Ng5 {0-1 Gormally,D-Speelman,J/Torquay
1998/CBM 66 ext (31)}) 16... Qe8 17. Nb5 Nd4 18. Nxd4 cxd4 19. b4 g6 20. Qb3
Rc8 21. Rc1 Kh8 22. Rc2 e5 $13 {1-0 Ljubojevic,L-Romero Holmes,A/Villarrobledo
2000/EXT 2001 (45)}) 10. Bg2 Nd6 $6 {Schwarz greift den Pc4 an, aber der
Springer steht unnatürlich auf d6.} (10... Na6 $5) 11. b3 $14 {Weiß hat
Raumvorteil im Zentrum, seine Figuren stehen gesund.} Na6 12. O-O a4 $6 {
Schwarz setzt auf Komplikationen, aber sein König steht noch in der Mitte.} (
12... O-O $142 13. Bf4 Qe7 14. Bxd6 Qxd6 15. Nb5 $14) 13. Nxa4 exd5 14. cxd5 b5
$8 {Das ist die einzige Gegenchance für Schwarz - sonst hat er einfach nur
einen Bauern weniger.} (14... Bxd5 15. Bf4 $16 {[%cal Gd1d6]}) 15. Nc3 b4 16.
axb4 Nxb4 17. Nb5 $5 {Weiß gibt den Bauern zurück, bekommt dafür aber
dauerhafte Initiative.} (17. Ne1 $16 {Dieser ruhige Springerzug verteidigt den
Mehrbauern.}) 17... Nxd5 (17... Nxb5 18. Bxb4 $16) 18. Nxd6+ cxd6 19. Be1 {
[%csl Rd6,Rd7][%cal Gd1d6] Es droht 20.Nh4 mit Materialgewinn - die schwarzen
Leichtfiguren (Bb7, Nd5) hängen in der Luft.} Qb6 (19... Qe7 20. Nh4 Qe6 (20...
Bxh4 $2 21. Bxd5 $18) 21. Nxf5 Qxf5 22. e4 $16) (19... Qb8 20. Nd4 $16) 20. Nd2
$1 {[%cal Gd2c4][%mdl 2048] Ein starker und vielschichtiger Zug - Weiß öffnet
die Diagonale des Bg2, und der Springer gelangt nun nach c4.} Qb5 (20... Nc3
21. Rxc3 Bxc3 22. Nc4 $18) 21. Nc4 {[%csl Gc4]} Be7 22. Bxd5 $1 Bxd5 (22...
Qxd5 23. Qxd5 Bxd5 24. Nb6 $18) 23. Nb6 Qxb6 24. Qxd5 {[%csl Gd5][%cal Rd5f5,
Rd5a8] Die weiße Dame beherrscht das Brett - Schwarz muss schon einen Bauern
geben.} Rb8 25. Ba5 $1 (25. Qxf5 Qxb3 $14) 25... Qa6 (25... Qxb3 26. Rc8+ $18)
26. Qxf5 $16 Rf8 (26... Rb5 27. Rc8+ Qxc8 28. Qxb5 $18) 27. Qd5 g6 28. b4 {
Weiß hat einen gesunden Mehrbauern.} Qa8 (28... Qxe2 29. Rce1 Qa6 30. Bc7 (30.
b5 Qxb5 (30... Rxb5 $2 31. Rxe7+ Kxe7 32. Re1+ Kf6 33. Bc3#) 31. Qxd6 Rf7)
30... Rb5 31. Qxd6 Qxd6 32. Bxd6 Rf7 $16) 29. Qd3 {Weiß tauscht seine aktive
Dame schon deswegen nicht, weil sich der gegnerische König in der Mitte
befindet.} (29. Qxa8 Rxa8 $16) 29... Rf5 30. Bc7 Rxb4 31. Bxd6 Rb6 (31... Bxd6
32. Qxd6 $16 {[%csl Re8]}) 32. Bxe7 Kxe7 33. Rfd1 {Schwarz hat einen Bauern
weniger, aber sein größtes Problem ist seine katastrophale Königsstellung.} Qb7
34. Rc4 {Weiß kann entweder 35.Re4+ oder 35.Rd4 ziehen.} Re6 35. Rd4 d5 36. e4
$1 $18 {[%mdl 64] Dieser schöne Zug gewinnt die Partie.} Rxe4 (36... dxe4 37.
Rd7+ Kf6 (37... Ke8 38. Qd4 $1 (38. Qc3 Qxd7 39. Rxd7 Kxd7 $11) 38... Qb6 39.
Qh8+ Rf8 40. Rd8+ $18) 38. Qc3+ $18) 37. Rxe4+ dxe4 38. Qd8+ Ke6 39. Rd6+ Ke5
40. Rb6 $1 (40. Rb6 Qd5 (40... Qa7 41. Qd6#) 41. Qh8+ $18) 1-0

[Event "Olympiad-32"]
[Site "Yerevan"]
[Date "1996.09.18"]
[Round "3.4"]
[White "Sinanovic, Muhamed"]
[Black "Sandler, Leonid"]
[Result "1-0"]
[WhiteElo "2390"]
[BlackElo "2345"]
[Annotator "Rogers,I"]
[PlyCount "87"]
[EventDate "1996.09.15"]
[EventType "team-swiss"]
[EventRounds "14"]
[EventCountry "ARM"]
[SourceTitle "CBM 055"]
[Source "ChessBase"]
[SourceDate "1996.12.01"]
[SourceVersion "1"]
[SourceVersionDate "1996.12.01"]
[SourceQuality "1"]
[WhiteTeam "Bosnia&Herzegovina"]
[BlackTeam "Australia"]
[WhiteTeamCountry "BIH"]
[BlackTeamCountry "AUS"]

1. c4 b6 2. Nc3 Bb7 3. d4 e6 4. a3 g6 5. e4 Bg7 6. Nf3 Ne7 7. d5 O-O 8. Bg5 $6
f6 9. Bf4 c6 $5 {Continuing in provocative style.} (9... e5 10. Be3 f5 {
looks fine for Black.}) 10. d6 Nc8 11. b4 $2 c5 $6 12. Rb1 $6 cxb4 13. axb4 f5
$4 ({Neither player realised that Black was missing a great chance to break
out of White's bind with} 13... g5 $1 {(also playable on move 11). The main
point is that 14.Bg3 or 14.Be3 allows 14...f5 so White probably needs to
sacrifice a pawn with} 14. Bd2 Nxd6 15. Bd3 {but his compensation is
negligible. After missing this opportunity, Black never gets another chance
and his queenside pieces suffocate.}) 14. e5 h6 ({Perhaps Sandler had
originally intended to play} 14... g5 {here, hoping for} 15. Bxg5 $2 Bxf3 $1
16. Qxf3 Qxg5 17. Qxa8 Nc6 {with some compensation for the exchange since the
e5 pawn cannot be held.}) ({However Sinanovic had prepared} 14... g5 15. Nxg5
$1 Bxe5 16. Qh5 $3 Bxc3+ 17. Kd1 {when White has a winning attack.}) 15. h4 Nc6
16. Be2 a5 17. b5 Nb4 18. Qd2 Bxf3 19. Bxf3 Rb8 20. g3 Kh7 21. Kf1 Na7 22. Na4
Qe8 23. Kg2 Qf7 24. Rbc1 Rfe8 25. Rhe1 Qg8 26. Qd4 Nc8 27. Bd2 Qf8 28. Bxb4
axb4 29. c5 bxc5 30. Qxc5 b3 31. b6 b2 32. Rb1 Nxd6 {Pointless, but it is
understandable that Black wanted to enjoy a few moves of freedom before
resigning.} 33. Qxd6 Qxd6 34. exd6 Rec8 35. b7 Rc2 36. Red1 e5 37. Bd5 e4 38.
Nb6 e3 39. Nxd7 Rxb7 40. Bxb7 e2 41. Re1 Bc3 42. Nf6+ Kg7 43. d7 Ba5 44. Ne8+
1-0

[Event "EU-ch 6th"]
[Site "Warsaw"]
[Date "2005.06.30"]
[Round "12"]
[White "Aleksandrov, Aleksej"]
[Black "Roiz, Michael"]
[Result "0-1"]
[WhiteElo "2635"]
[BlackElo "2579"]
[Annotator "Roiz,M"]
[PlyCount "66"]
[EventDate "2005.06.18"]
[EventType "swiss"]
[EventRounds "13"]
[EventCountry "POL"]
[SourceTitle "CBM 108"]
[Source "ChessBase"]
[SourceDate "2005.09.26"]
[SourceVersion "1"]
[SourceVersionDate "2005.09.26"]
[SourceQuality "1"]

1. d4 e6 2. c4 Bb4+ 3. Bd2 {That was already some surprize for me,since
Aleksei had only opted for 3.Nc3.} a5 4. e4 {A very ambitious way to fight for
the opening advantage-white seizes a lot of space.} ({Another common line here
is-->} 4. Nf3 d6 5. g3 Nc6 6. Bg2 e5) 4... d5 5. cxd5 (5. e5 Ne7 6. Nf3 Nbc6 7.
Bc3 b6 8. cxd5 Nxd5 9. Bd3 Ba6 10. Bxa6 Rxa6 11. O-O Be7 12. Nbd2 Ra8 13. Re1
Qd7 14. Re4 a4 15. Rc1 a3 16. b3 Ncb4 $15 {0-1 Sapunov,E-Ibragimov,I/Moscow
1999/CBM 75 (40)}) 5... exd5 6. e5 Ne7 {That is a flexible square for the
knight-later it can be placed either at g6 or at c6. It's also important,that
7.Bd3 can be met by 7...Bf5,while the knight keeps ''f5'' square under control.
} 7. Nc3 {A principal continuation-now black cannot avoid the exchenge of his
dark-squared bishop.} ({The alternative is:} 7. Nf3 c5 8. a3 Bxd2+ 9. Nbxd2
cxd4 10. Bd3 Nbc6 11. O-O h6 12. Re1 Qb6 13. Rb1 O-O 14. Nh4 f6 15. exf6 Rxf6
$132 {1/2-1/2 Graf,A-Hillarp Persson,T/Benidorm ESP 2003/The Week in Chess 473
(79)}) 7... c5 {Ofcourse,black should attack white's pawns centre as soon as
it possible.} (7... O-O 8. a3 Bxc3 9. bxc3 c5 10. h3 Nbc6 11. Nf3 Bf5 12. Be2
Be4 $132 {0-1 Arlandi,E-Buhmann,R/Pula 2003/CBM 94 ext (45)}) 8. a3 Bxc3 (8...
cxd4 $6 {can be strongly met by:} 9. axb4 dxc3 10. Bxc3 Nbc6 11. Nf3 $1 ({
only not} 11. b5 $2 d4 12. bxc6 dxc3 13. Qxd8+ Kxd8 14. cxb7 Bxb7 15. bxc3 Ng6
$15) 11... Bg4 12. b5 Nb4 13. Be2 $14) 9. bxc3 Nbc6 10. Bb5 $146 {I don't like
that move,as it actually forces white to exchange his light-squared bishop.} ({
More logical looks:} 10. Be3 O-O 11. Be2 (11. Bd3 $5 Bf5 12. Nf3 $14) 11... c4
12. a4 Rb8 13. f4 b5 14. axb5 Rxb5 15. Nf3 Rb3 16. Qc1 Qb6 $132 {0-1 Arlandi,
E-Kosten,A/Geneve 1993/EXT 97 (53)}) 10... Qb6 11. Qa4 ({Black has no problems
after:} 11. Qb3 O-O (11... cxd4 12. Bxc6+ Qxc6 13. cxd4 O-O $11) 12. dxc5 Qxc5
13. Nf3 d4 $132) 11... Bd7 {Creating a concrete threat of 12...Nxe5.} ({
Also possible would be:} 11... O-O $5 12. Ne2 Nf5 13. dxc5 Qxc5 $132 {with a
complicated play.}) 12. Rb1 {That move doesn't make sence,since black has some
development advantage.} ({I would prefer:} 12. Nf3 $5 Nxe5 (12... cxd4 13. Nxd4
Nxe5 14. Bxd7+ Nxd7 15. O-O $44) 13. Bxd7+ Nxd7 14. Ne5 Nc6 15. Nxd7 Kxd7 16.
O-O $44 {with a reasobalbe compensation for the pawn due to weakness of Kd7.})
12... O-O ({Good enough was also:} 12... cxd4 13. cxd4 Qxd4 14. Qxd4 Nxd4 15.
Bxd7+ Kxd7 16. Rxb7+ Ke6 $132 {and black is at least not worse.}) 13. Ne2 $2 {
Missing black's 14th move.} ({The right way was:} 13. dxc5 $142 Qxc5 14. Nf3
Ng6 15. O-O Rfe8 16. Rfe1 Bf5 17. Be3 Qe7 $132 {[%cal Gf5e4] however black has
a nice piece play.}) 13... Na7 $1 14. dxc5 $8 Qg6 $1 {[%csl Rb1,Rb5][%cal
Gg6b1] That intermediate move was probably overlooked by Aleksei-white cannot
avoid a loss of exchange.} 15. Bxd7 Qxb1+ 16. Nc1 {That looks very passively,
but i can hardly recommend something better.} ({For instance,} 16. Qd1 Qe4 17.
O-O Qxe5 18. Bf4 Qe4 19. Bd6 Rfd8 $17) ({or} 16. Bc1 Nac6 17. e6 fxe6 (17...
Qg6 18. exf7+ Qxf7 19. O-O Ne5 $15) 18. Bxe6+ Kh8 19. O-O Qd3 (19... Qg6 $143
$6 20. Bh3 $15 {and black's advantage is not that obvious.}) 20. Re1 Rf6 21.
Bh3 Raf8 $17) 16... Nac6 17. e6 Qg6 {[%csl Rg2][%cal Gg6g2]} 18. exf7+ ({
Hardly better was:} 18. Qg4 Ne5 19. Qxg6 (19. exf7+ Qxf7) 19... N7xg6 20. exf7+
Kxf7 $17) 18... Rxf7 19. Qg4 ({Even worse would be:} 19. O-O Ne5 20. Be3 N7c6
21. Bh3 Nc4 $19 {[%csl Ra4,Gc4,Rf1,Gf7,Gg6] with a full domination of black's
pieces.}) 19... Nf5 $1 {That forces white to exchange his bishop.} 20. Qxg6
hxg6 21. Bxc6 (21. Be6 Re8 $19) 21... bxc6 $17 {Now the endgame is very hard
for white-he has no counterplay,so black may just improve his position.} 22.
Kd1 {Trying to prevent the penetration of black's rook.} (22. f3 Rb8 $19) 22...
Re8 23. Kc2 (23. c4 dxc4 24. Bxa5 Nd4 25. Re1 (25. f3 Rd7 $19) 25... Ra8 $19)
23... Nh4 {Provoking the weakening of king-side pawn structure.} 24. g3 $2 $138
{That natural move is a decisive mistake!} ({The only chance was creating some
counterplay:} 24. Nd3 $142 $1 Nxg2 25. Rb1 (25. h4 Re4 26. Bg5 Re2+ 27. Kd1 Ra2
$19) 25... Nh4 26. Rb6 Nf3 27. Be3 $17 {and black's task is still not that
easy.}) 24... Nf3 25. Be3 ({Hopeless would be also:} 25. Bf4 Ne1+ $1 26. Kd1
Ng2 27. Nd3 Nxf4 28. gxf4 (28. Nxf4 Rb7 $19) 28... Rb7 29. Kd2 Rb3 $19) 25...
Ne5 $19 {Finally the knight finds an ideal square. White cannot avoid a
decisive penetration of black's rooks.} 26. Bd4 (26. Nb3 Nc4 $19) 26... Nc4 {
[%csl Gc4][%cal Gf7b7,Gb7b2]} 27. a4 Rb7 {White cannot avoid an additional
loss of material.The rest is clear.} 28. Nd3 Re2+ 29. Kc1 Ra2 30. Re1 Ra1+ 31.
Kc2 Na3+ 32. Kd2 Ra2+ 33. Ke3 Nc2+ 0-1

[Event "Redbus KO"]
[Site "Southend"]
[Date "2000.??.??"]
[Round "1.2"]
[White "Flear, Glenn C"]
[Black "Turner, Matthew"]
[Result "1/2-1/2"]
[WhiteElo "2519"]
[BlackElo "2487"]
[Annotator "Rowson,J"]
[PlyCount "143"]
[EventDate "2000.04.21"]
[EventType "k.o."]
[EventRounds "4"]
[EventCountry "ENG"]
[SourceTitle "CBM 076"]
[Source "ChessBase"]
[SourceDate "2000.05.31"]
[SourceVersion "1"]
[SourceVersionDate "2000.05.31"]
[SourceQuality "1"]

1. d4 e6 2. c4 Bb4+ 3. Bd2 Bxd2+ 4. Qxd2 d5 5. Nc3 Nf6 6. e3 O-O 7. cxd5 exd5
8. Bd3 Bg4 9. Nge2 Bxe2 10. Bxe2 Qe7 11. O-O Nbd7 12. b4 a6 13. Rab1 c6 14. Bd3
Rfe8 15. Rfe1 Qd6 16. h3 g6 17. a4 b5 18. a5 Re6 19. Rec1 Kg7 20. Rc2 Rae8 21.
Na2 Nh5 22. Be2 Nhf6 23. Bf3 h5 24. Nc1 Nh7 25. Nd3 Ng5 26. Bd1 Ne4 27. Qc1 Nb8
28. Bf3 Ng5 29. Qd1 Rf6 30. Ne5 Rxe5 31. dxe5 Qxe5 32. Rbc1 Qf5 33. h4 Nxf3+
34. Qxf3 Qxf3 35. gxf3 Rxf3 36. e4 $1 {[%csl Rb8][%cal Gd1d8]} dxe4 37. Rd1 Rd3
38. Rxd3 exd3 39. Rd2 Kf6 40. Rxd3 Ke7 41. Re3+ Kd8 42. f4 Nd7 43. f5 Nf8 44.
Re5 Kd7 45. Kf2 $2 {According to Mathew this is where White's winning chances
disappear.} (45. fxg6 fxg6 46. Rg5 $1 {seems to leave Black defenceless
against White's king infiltration because the knight is tied to g6 and the
black king can't help it because it needs to cover the queenside. Nonetheless,
it's not so easy to win because the White can king cannot cross d4 to get to
c5 due to Ne6+ and if the rook retreats along the g-file the king can mabye
come to f6 to free the knight. However, it does seem to be winning e.g.} Ke7
47. Kf2 Kd7 48. Ke3 Ke7 49. Ke4 Ke6 50. Rg1 Kd6 51. Rd1+ Ke6 (51... Ke7 52. Ke5
Nd7+ 53. Kd4 Kd6 54. Rf1 Ke6 55. Rf3 Kd6 (55... Nf6 56. Kc5 Nd7+ 57. Kd4 Nf6
58. Re3+ Kd6 59. Rg3 Ng4 60. Rf3 Ke6 61. Rf8 {etc.}) 56. Rf7 c5+ 57. bxc5+ Nxc5
58. Rf6+) 52. Rd8 Nd7 53. Ra8 Nf6+ 54. Kd4 Nd5 55. Kc5) 45... Nh7 $1 46. fxg6
fxg6 47. Ke3 Kd6 48. Kd4 Nf8 49. Re8 Ne6+ 50. Kc3 g5 51. hxg5 Nxg5 52. Rd8+ Kc7
53. Rh8 Ne6 54. Rxh5 Kd6 55. Rh6 Kd5 56. Rh8 c5 57. Ra8 cxb4+ 58. Kxb4 Nc7 59.
Ra7 Kc6 60. Kb3 Kd6 61. Kc2 Kd7 62. Rb7 Kc8 63. Rb6 Nd5 64. Rh6 Ne3+ 65. Kb3
Nc4 66. Kb4 Kb7 67. Rh7+ Kb8 68. Rg7 Ka8 69. Re7 Kb8 70. Rh7 Ka8 71. Kc5 Kb8
72. Rh8+ {[%mdl 4096]} 1/2-1/2